Trabajo y género /

Obra que presenta una iniciativa de reforma a la Ley Federal del Trabajo, para introducir la perspectiva de género en ella y responder a la demanda de las mujeres de relaciones laborales más democráticas, donde no haya discriminación, exista igualdad de oportunidades, libertad de reproducción humana...

詳細記述

保存先:
書誌詳細
団体著者: México. Congreso de la Unión (59a Legislatura : 2003-2006). Cámara de Diputados. Grupo Parlamentario del PRD
その他の著者: Lagarde y de los Ríos, Marcela (coordinación) (coordinación), Brugada Molina, Clara (coordinación) (coordinación), Casanova Calam, Marbella (coordinación) (coordinación)
フォーマット: 図書
言語:スペイン語
シリーズ:(Cuadernos Legislativos)
主題:
タグ: タグ追加
タグなし, このレコードへの初めてのタグを付けませんか!

MARC

LEADER 00000nam^a2200000^a^4500
001 000183950
005 20250521000000.0
009 20260310102058.338
037 |a Acervo ITESO - Biblioteca 
041 |a ESP 
082 |a 344. 72014  |b MEX DIP PRD 
110 |a México.  |b Congreso de la Unión (59a Legislatura : 2003-2006). Cámara de Diputados. Grupo Parlamentario del PRD 
245 1 0 |a Trabajo y género /  |c Grupo Parlamentario del PRD ; coord. de M. Lagarde y de los Ríos, C. Brugada Molina, M. Casanova Calam. 
264 |a México :  |b Congreso de la Unión, Cámara de Diputados, LIX Legislatura, Grupo Parlamentario del PRD,  |c 2005 
300 |a 46 p. 
336 |a texto  |b txt  |2 rdacontenido 
337 |a sin mediación  |b n  |2 rdamedio 
338 |a volumen  |b nc  |2 rdasoporte 
440 1 |a (Cuadernos Legislativos) 
520 |a Obra que presenta una iniciativa de reforma a la Ley Federal del Trabajo, para introducir la perspectiva de género en ella y responder a la demanda de las mujeres de relaciones laborales más democráticas, donde no haya discriminación, exista igualdad de oportunidades, libertad de reproducción humana y responsabilidades familiares, así como justicia en la remuneración del trabajo. 
649 |a XX 
650 |a Mujeres -  |z México -  |x Condiciones Laborales 
650 |a Mujeres -  |z México -  |x Condiciones Jurídicas -  |x Tema Principal 
650 |a Iniciativa Legislativa -  |z México 
650 |a Reforma Jurídica -  |z México 
650 |a Política de Género -  |z México -  |x Tema Principal 
650 |a Política de Género -  |z México -  |x Historia -  |y 2000-2006 
650 |a Política de Género -  |z México -  |x Historia -  |y Siglo XXI 
650 |a Derecho Laboral -  |z México -  |x Tema Principal 
650 |a Derecho Público -  |z México 
700 |a Lagarde y de los Ríos, Marcela  |e (coordinación) 
700 |a Brugada Molina, Clara  |e (coordinación) 
700 |a Casanova Calam, Marbella  |e (coordinación) 
910 |a Fondo General 
920 |a Impresos - Libros 
930 |a Colección General 
905 |a 101 
901 |a 0500124832  |b IT1  |c ACC  |u 20250521 
902 |a https://opac.biblio.iteso.mx/vufind/Record/000183950